000 00569cam a2200205 4500
008 090401t1996 xxu||||| |||| 00| 0 eng d
020 _a3540611592
035 _a(Sirsi) u82537
041 0 _aeng
050 0 0 _a526.028
100 _aRueger, J. M.
245 0 0 _aElectronic distance measurement
_ban introduction
250 _a4th ed.
260 _aBerlin
_aLondon
_bSpringer-Verlag
_c1996
300 _axix, 276p.
_c24cm.
350 _a37.50
690 _aENVIRONMENTAL AND LAND CONSULTANCY-GEOMATICS-MAPPING AND POSITIONING
942 _n0
948 _c08/12/1997
999 _c96801
_d96801